| 000 | 01554nam a22002657a 4500 | ||
|---|---|---|---|
| 005 | 20090820100419.0 | ||
| 008 | 090820t xxu||||| |||| 00| 0 hin d | ||
| 010 | _aHIN-93764 | ||
| 020 |
_c750.00 _a8181820555x |
||
| 035 | _aHN-66110 | ||
| 037 | _bDBAD / PUB | ||
| 040 |
_adpl _bhn |
||
| 082 | _a810.8 | ||
| 100 | _932941 | ||
| 245 |
_aसंस्कृतानुसन्धानपारिजातः _bलक्ष्मी शर्मा द्वारा संपादित; मदनलाल शर्मा द्वारा सह संपादित _cअन्ताराष्ट्रिय संस्कृत सम्मेलन में प्रस्तुत शोध पत्रों का संकलन / |
||
| 260 |
_aजयपुर _bलिट्रेसी सर्किल _c2010 |
||
| 270 |
_aसी-12-13, प्रथम तल, खण्डेलवाल गर्ल्स कालेज के सामने, संसार चन्द्र रोड _bजयपुर _e302001 _k4004330 |
||
| 300 |
_a296पृ. _c22सेमी (सजिल्द) |
||
| 650 | _91169 | ||
| 650 | _932942 | ||
| 700 |
_933039 _aशर्मा, लक्ष्मी |
||
| 700 |
_aशर्मा, मदनलाल _933144 |
||
| 942 |
_2ddc _cHN _mसंस्कृता _h810.8 |
||
| 999 |
_c55661 _d55661 |
||